[Event "Agai Sachdeva Memorial"]
[Site "Agra"]
[Date "2024.08.11"]
[Round "8"]
[White "Kavinkumar, G."]
[Black "Shivam, Verma"]
[Result "0-1"]
[WhiteElo "1728"]
[BlackElo "1722"]
[PlyCount "88"]
[EventDate "2024.08.09"]
[EventType "swiss"]
[EventRounds "9"]
[EventCountry "IND"]
[SourceTitle "EXT 2025"]
[Source "ChessBase"]
[SourceDate "2024.10.14"]
[SourceVersion "1"]
[SourceVersionDate "2024.10.14"]
[SourceQuality "1"]

1. d4 Nf6 2. Bf4 g6 3. Nc3 Bg7 4. e4 d6 5. Qd2 c5 6. dxc5 dxc5 7. Qxd8+ Kxd8 8. Rd1+ Ke8 9. Be5 Be6 10. Nf3 a6 11. Ng5 Nc6 12. Nxe6 fxe6 13. Bxf6 exf6 14. Na4 Bf8 15. Nb6 Rd8 16. Bc4 Rxd1+ 17. Kxd1 Kf7 18. f4 Na5 19. f5 Nxc4 20. fxe6+ Kxe6 21. Nxc4 Bh6 22. Ke2 Rd8 23. c3 b5 24. Ne3 c4 25. Rd1 Rxd1 26. Nxd1 Ke5 27. Kf3 Bd2 28. b3 cxb3 29. axb3 h5 30. Ke2 Bf4 31. g3 Bc1 32. Nf2 Ba3 33. b4 Kd6 34. Nd3 Kc6 35. Kf3 Kb6 36. Kf4 a5 37. e5 fxe5+ 38. Kxe5 a4 39. Kd5 Bb2 40. c4 a3 41. Nc5 a2 42. Nb3 bxc4 43. Kxc4 g5 44. Na1 Bxa1 0-1

[Event "Uadjpur Pandiyar Memorial 7th"]
[Site "Uadjpur"]
[Date "2022.10.11"]
[Round "7"]
[White "Kiran, Panditrao"]
[Black "Shivam, Verma"]
[Result "1/2-1/2"]
[WhiteElo "1748"]
[BlackElo "1561"]
[PlyCount "119"]
[EventDate "2022.10.08"]
[EventType "swiss"]
[EventRounds "9"]
[EventCountry "IND"]
[SourceTitle "CBM 210 Extra"]
[Source "ChessBase"]
[SourceDate "2022.11.30"]
[SourceVersion "1"]
[SourceVersionDate "2022.11.30"]
[SourceQuality "1"]

1. e4 c5 2. Nf3 e6 3. d4 cxd4 4. Nxd4 a6 5. Nc3 Qc7 6. g3 Nf6 7. Bg2 Bb4 8. 0-0 0-0 9. Nde2 d6 10. Bf4 Rd8 11. Qd3 Qe7 12. Rfd1 e5 13. Bg5 Be6 14. a3 Bc5 15. Nf4 Bxf2+ 16. Kf1 exf4 17. e5 Qc7 18. Kxf2 Qc5+ 19. Qd4 Qxd4+ 20. Rxd4 h6 21. Bxf6 fxg3+ 22. hxg3 gxf6 23. exd6 Nc6 24. Bxc6 bxc6 25. Ne4 f5 26. Nc5 a5 27. c4 Rab8 28. Rb1 f4 29. gxf4 Bf5 30. Rg1+ Kh7 31. b3 h5 32. Rdd1 Bc2 33. Rc1 Bxb3 34. Rc3 Bxc4 35. Rxc4 Rxd6 36. Ne4 Rb2+ 37. Ke3 Rb3+ 38. Rc3 Rxc3+ 39. Nxc3 Rg6 40. Rh1 Rg3+ 41. Kd4 Kg6 42. a4 Rg4 43. Ke5 Rg3 44. f5+ Kh6 45. Ne4 Re3 46. Rh4 Ra3 47. Nf6 Re3+ 48. Kf4 Ra3 49. Ke5 Re3+ 50. Re4 Rc3 51. Kd6 Kg5 52. Ke7 Kxf5 53. Rh4 Kg6 54. Nxh5 Re3+ 55. Kd6 Kg5 56. Rh1 Ra3 57. Kxc6 Rxa4 58. Kb5 Ra2 59. Rf1 Kxh5 60. Rxf7 1/2-1/2

[Event "IND-ch U17"]
[Site "Bengaluru"]
[Date "2015.10.06"]
[Round "5"]
[White "Shivam, Verma"]
[Black "Athul, Krishna S"]
[Result "0-1"]
[WhiteElo "1680"]
[BlackElo "2158"]
[PlyCount "49"]
[EventDate "2015.10.03"]
[EventType "swiss"]
[EventRounds "11"]
[EventCountry "IND"]
[SourceTitle "CBM 168 Extra"]
[Source "ChessBase"]
[SourceDate "2015.10.29"]
[SourceVersion "1"]
[SourceVersionDate "2015.10.29"]
[SourceQuality "1"]

1. e4 c6 2. d4 d5 3. Nc3 e6 4. Nf3 Nf6 5. Bg5 Be7 6. exd5 Nxd5 7. Bxe7 Qxe7 8. Qd2 Nd7 9. 0-0-0 N7f6 10. Nxd5 cxd5 11. Qg5 0-0 12. Ne5 Qc7 13. Bd3 b5 14. Rhe1 Ne4 15. Qh4 f6 16. Rxe4 dxe4 17. Qxe4 fxe5 18. Qxh7+ Kf7 19. Bg6+ Kf6 20. Rd3 Bb7 21. Rg3 exd4 22. Qh4+ Ke5 23. Rg5+ Kd6 24. Qg3+ Kd7 25. Qd3 0-1